Aplicaciones informáticas (Registro nro. 3390)
[ vista simple ]
| 000 -CABECERA | |
|---|---|
| campo de control de longitud fija | 00864aam a2200301 4500 |
| 005 - FECHA Y HORA DE ACTUALIZACIÓN | |
| campo de control | 20230601154642.0 |
| 008 - LONGITUD FIJA | |
| campo de control de longitud fija | 150226b2003 xxu||||| |||| 00| 0 eng d |
| 041 ## - IDIOMA | |
| Código de idioma del texto/pista de sonido o título separado | Español |
| 082 ## - CLASIFICACIÓN DECIMAL DEWEY | |
| Número de clasificación | 004.1 A346a |
| 100 ## - AUTOR PERSONAL | |
| Nombre de persona | Alcalde Lancharro, Eduardo |
| 100 ## - AUTOR PERSONAL | |
| Nombre de persona | García Merayo, Félix |
| 100 ## - AUTOR PERSONAL | |
| Nombre de persona | Boceta Martínez, Santiago |
| 245 ## - TÍTULO PROPIAMENTE DICHO | |
| Título | Aplicaciones informáticas |
| 260 ## - PIE DE IMPRENTA | |
| Lugar de publicación, distribución, etc. | España |
| Nombre del editor, distribuidor, etc. | Thomson |
| Fecha de publicación, distribución, etc. | 2003 |
| 300 ## - DESCRIPCIÓN FÍSICA | |
| Extensión | 426 páginas |
| 650 ## - Materia General | |
| Materia general | COMPUTADORES |
| 650 ## - Materia General | |
| Materia general | INFORMÁTICA |
| 650 ## - Materia General | |
| Materia general | ORDENADORES |
| 650 ## - Materia General | |
| Materia general | TRANSMISIÓN DE DATOS |
| 650 ## - Materia General | |
| Materia general | REDES |
| 650 ## - Materia General | |
| Materia general | SISTEMAS OPERATIVOS |
| 650 ## - Materia General | |
| Materia general | WORD 2002 |
| 650 ## - Materia General | |
| Materia general | EXCEL 2002 |
| 650 ## - Materia General | |
| Materia general | BASES DE DATOS |
| 650 ## - Materia General | |
| Materia general | ACCESS 2002 |
| 650 ## - Materia General | |
| Materia general | POWER POINT 2002 |
| 942 ## - Punto de Acceso Adicional Koha | |
| Tipo de ítem Koha | Libro |
| Estado perdido | Estado dañado | No para préstamo | Biblioteca permanente | Biblioteca actual | Signatura completa | Código de barras | Tipo de ítem | Precio efectivo a partir del |
|---|---|---|---|---|---|---|---|---|
| Departamento de Biblioteca y Documentación Alfonso Chase Brenes | Departamento de Biblioteca y Documentación Alfonso Chase Brenes | 004.1 A346a | 12906 | Libro | ||||
| Departamento de Biblioteca y Documentación Alfonso Chase Brenes | Departamento de Biblioteca y Documentación Alfonso Chase Brenes | 004.1 A346a | 12392 | Libro | 10/08/2016 |